Sports Quiz

Random Sports or NCAA Quiz

2011-2012 NCAA FOOTBALL BOWL GAME SCHOOLS Quiz Stats

 Plays Quiz not verified by Sporcle

Challenge
Share
Tweet
Embed
Score 0/70 Timer 06:00
0 Plays Today
School % Correct
Florida
97%
Texas
96%
Michigan State
94.9%
Florida State
93.9%
Michigan
93.9%
Alabama
93.9%
Georgia
92.9%
Wisconsin
91.9%
Oregon
91.9%
LSU
91.9%
Oklahoma
89.9%
Illinois
88.9%
Texas A&M
88.9%
Ohio
87.9%
Ohio State
87.9%
Oklahoma State
86.9%
UCLA
85.9%
Washington
84.8%
Iowa
84.8%
Auburn
83.8%
Penn State
82.8%
Kansas St.
82.8%
Virginia
81.8%
South Carolina
81.8%
Virginia Tech
80.8%
Georgia Tech
79.8%
Notre Dame
79.8%
Stanford
79.8%
Iowa State
78.8%
Nebraska
78.8%
Mississippi State
77.8%
Utah
76.8%
Boise St.
76.8%
Purdue
76.8%
Baylor
76.8%
School % Correct
North Carolina
75.8%
Arkansas
75.8%
TCU
73.7%
Arizona St.
73.7%
California
71.7%
Missouri
70.7%
West Virginia
69.7%
Houston
68.7%
Nevada
67.7%
Clemson
67.7%
Northwestern
67.7%
Rutgers
66.7%
Cincinnati
63.6%
Vanderbilt
63.6%
Louisville
62.6%
Air Force
62.6%
Pittsburgh
62.6%
BYU
61.6%
Toledo
59.6%
Tulsa
59.6%
Wyoming
58.6%
North Carolina State
55.6%
Utah State
55.6%
Wake Forest
55.6%
San Diego St.
54.5%
Southern Miss
53.5%
Western Michigan
53.5%
Northern Illinois
51.5%
Temple
50.5%
La-Lafayette
48.5%
Marshall
47.5%
Louisiana Tech
44.4%
Arkansas State
43.4%
Florida International
37.4%
Southern Methodist
25.3%

You're not logged in!

Compare scores with friends on all Sporcle quizzes.
Join for Free
OR
Log In

You Might Also Like...

Show Comments

Extras

Top Quizzes Today


Score Distribution

Your Account Isn't Verified!

In order to create a playlist on Sporcle, you need to verify the email address you used during registration. Go to your Sporcle Settings to finish the process.

Report this User

Report this user for behavior that violates our Community Guidelines.

Details: